Central Library OPAC University of Rajshahi
Normal view MARC view

Entry Topical Term

Number of records used in: 8

001 - CONTROL NUMBER

  • control field: 12076

003 - CONTROL NUMBER IDENTIFIER

  • control field: BD-RjUL

005 - DATE AND TIME OF LATEST TRANSACTION

  • control field: 20240305091917.0

008 - FIXED-LENGTH DATA ELEMENTS

  • fixed length control field: 240305|| aca||aabn | a|a d

040 ## - CATALOGING SOURCE

  • Original cataloging agency: BD-RjUL
  • Transcribing agency: BD-RjUL

150 ## - HEADING--TOPICAL TERM

  • Topical term or geographic name entry element: Islam
  • Form subdivision: Islamic Organization

670 ## - SOURCE DATA FOUND

  • Source citation: Work cat.: (BD-RjUL)83231: হক, মু. আবদুল 6842, মাওলানা আবদুল্লাহেল কাফী আল-কুরায়শী (রহঃ) :, ১৯৯৪